[Event "Cappelle Online Blitz op"]
[Site "Europe Echecs INT"]
[Date "2022.01.09"]
[Round "5"]
[White "Alberola, Raphael"]
[Black "Maugenest, Matthieu"]
[Result "1-0"]
[WhiteElo "1625"]
[BlackElo "1968"]
[PlyCount "107"]
[EventDate "2022.01.09"]
[EventType "swiss (blitz)"]
[EventRounds "11"]
[EventCountry "FRA"]
[SourceTitle "EXT 2023"]
[Source "ChessBase"]
[SourceDate "2022.10.05"]
[SourceVersion "1"]
[SourceVersionDate "2022.10.05"]
[SourceQuality "1"]

1. e4 e6 2. d4 d5 3. e5 c5 4. Qg4 cxd4 5. Nf3 Nc6 6. Bd3 h5 7. Qg3 h4 8. Qf4 Be7 9. 0-0 Nh6 10. Re1 Bd7 11. c3 dxc3 12. Nxc3 a6 13. a3 Rc8 14. Nxd5 exd5 15. e6 Bxe6 16. Rxe6 fxe6 17. Bg6+ Kd7 18. Bd2 Rf8 19. Qa4 Bd6 20. Rd1 Qf6 21. Bd3 Ke7 22. Bg5 Nf5 23. Bxf6+ gxf6 24. Bxf5 exf5 25. Re1+ Kd7 26. Nd4 Rce8 27. Rd1 Kc7 28. Nxf5 Bc5 29. b4 Ba7 30. b5 axb5 31. Qxb5 Re5 32. Ne3 Bxe3 33. fxe3 Rfe8 34. Re1 d4 35. Qb3 dxe3 36. Qf7+ R8e7 37. Qxf6 Nd4 38. Qf4 Nc6 39. Rxe3 Kb6 40. Rxe5 Rxe5 41. Qxh4 Ra5 42. Qg3 Ka6 43. h4 Rb5 44. Qd3 Ka5 45. g4 Rc5 46. Qd2+ Kb6 47. g5 Ne5 48. Qe3 Kc6 49. Qe4+ Kd6 50. g6 Rc1+ 51. Kh2 Rd1 52. g7 Rd2+ 53. Kh3 Rg2 54. Kxg2 1-0

[Event "Cappelle Online Rapid op"]
[Site "Europe Echecs INT"]
[Date "2021.03.06"]
[Round "4"]
[White "Maugenest, Matthieu"]
[Black "Damarez, Philippe"]
[Result "1-0"]
[WhiteElo "1931"]
[BlackElo "1683"]
[PlyCount "119"]
[EventDate "2021.03.06"]
[EventType "swiss (rapid)"]
[EventRounds "9"]
[EventCountry "FRA"]
[SourceTitle "CBM 201 Extra"]
[Source "ChessBase"]
[SourceDate "2021.05.31"]
[SourceVersion "1"]
[SourceVersionDate "2021.05.31"]
[SourceQuality "1"]

1. d4 Nf6 2. c4 c5 3. d5 g6 4. Nc3 Bg7 5. g3 d6 6. Bg2 0-0 7. Nf3 a6 8. a4 Nbd7 9. 0-0 h6 10. Kh1 Nb6 11. Nd2 e5 12. e4 Bg4 13. f3 Bc8 14. Ncb1 Bd7 15. b3 Qc8 16. a5 Bh3 17. axb6 Bxg2+ 18. Kxg2 Nh7 19. Nc3 Ng5 20. Qe2 Qd7 21. Ndb1 f5 22. Na3 f4 23. g4 Nh7 24. Nc2 g5 25. Bd2 Nf6 26. h3 Kf7 27. Rh1 Rh8 28. h4 Ke7 29. hxg5 hxg5 30. Rxh8 Rxh8 31. Rh1 Qe8 32. Qf1 Qg6 33. Rxh8 Bxh8 34. Qh1 Bg7 35. Be1 Qh6 36. Qxh6 Bxh6 37. Na4 Nd7 38. Na1 Kf6 39. Kf1 Bf8 40. Ke2 Be7 41. Kd3 Bd8 42. Ba5 Kf7 43. Kc3 Nf8 44. b4 Nd7 45. bxc5 Nxc5 46. Nxc5 dxc5 47. Nb3 Be7 48. Kd3 Ke8 49. Bc3 Bd6 50. Na5 Kd7 51. Nxb7 Bb8 52. Na5 Kc8 53. Nc6 Bd6 54. Nxe5 Kb7 55. Nf7 Be7 56. d6 Bd8 57. Nxd8+ Kxb6 58. Ba5+ Kxa5 59. Nf7 Kb6 60. d7 1-0

[Event "Cappelle Online Rapid op"]
[Site "Europe Echecs INT"]
[Date "2021.03.06"]
[Round "6"]
[White "Maugenest, Matthieu"]
[Black "Roussat, Fabien"]
[Result "1-0"]
[WhiteElo "1931"]
[BlackElo "1681"]
[PlyCount "135"]
[EventDate "2021.03.06"]
[EventType "swiss (rapid)"]
[EventRounds "9"]
[EventCountry "FRA"]
[SourceTitle "CBM 201 Extra"]
[Source "ChessBase"]
[SourceDate "2021.05.31"]
[SourceVersion "1"]
[SourceVersionDate "2021.05.31"]
[SourceQuality "1"]

1. d4 d5 2. Nf3 Nf6 3. c4 e6 4. cxd5 exd5 5. Bg5 Be7 6. Qc2 0-0 7. Nc3 c6 8. e3 g6 9. Bd3 Re8 10. 0-0 Nbd7 11. Rab1 a5 12. Na4 Nf8 13. a3 Ne6 14. Bxf6 Bxf6 15. b4 axb4 16. axb4 Ng7 17. Nc5 b6 18. Nb3 Qd6 19. Qd2 Bf5 20. Bxf5 Nxf5 21. Rfc1 Ra4 22. Qc2 Ne7 23. Nc5 Ra7 24. Nd3 Rea8 25. h3 Ra2 26. Rb2 R2a3 27. Nfe5 Bxe5 28. Nxe5 Ra1 29. g3 f6 30. Nd3 Rxc1+ 31. Qxc1 Nf5 32. Kg2 Ra3 33. Qc2 Kg7 34. Ra2 Rxa2 35. Qxa2 h6 36. Qa7+ Kg8 37. Qxb6 Ne7 38. Qb7 Kf7 39. Nc5 h5 40. Qd7 Qxd7 41. Nxd7 Ke6 42. Nc5+ Kd6 43. Na6 Nc8 44. Kf3 Nb6 45. h4 Nc4 46. g4 Nd2+ 47. Kg3 Ne4+ 48. Kf3 hxg4+ 49. Kxg4 Nxf2+ 50. Kf4 Ne4 51. Kg4 Nf2+ 52. Kg3 Nd1 53. Kf3 Nc3 54. Nc5 Na2 55. Nd3 Nc3 56. Nf4 g5 57. hxg5 fxg5 58. Nd3 Ne4 59. Kg4 Kc7 60. Nc5 Kd6 61. Nxe4+ dxe4 62. Kxg5 Kd5 63. Kf4 Kc4 64. Kxe4 Kxb4 65. Ke5 Kc4 66. e4 Kb5 67. Kd6 Kb6 68. e5 1-0